Sicherheit im privaten Umfeld

Guardado en:  
Detalles Bibliográficos
Autor Corporativo: Deutschland. VerfasserIn (Autor)
Tipo de documento: Electrónico Research Data
Lenguaje:Alemán
Publicado: Köln GESIS 2017
En:Año: 2017
Acceso en línea: Volltext (Resolving-System)
Verificar disponibilidad: HBZ Gateway
Servicio de pedido Subito: Pedir ahora.
Palabras clave:

MARC

LEADER 00000nmm a22000002c 4500
001 1942029845
003 DE-627
005 20251121142559.0
007 cr uuu---uuuuu
008 251121s2017 xx |o | ger c
024 7 |a 10.4232/1.12857  |2 doi 
024 8 |a ZA6631 
035 |a (DE-627)1942029845 
035 |a (DE-599)KXP1942029845 
040 |a DE-627  |b ger  |c DE-627  |e rda 
041 |a ger 
084 |a 2,1  |2 ssgn 
110 2 |a Deutschland  |b Presse- und Informationsamt  |e VerfasserIn  |0 (DE-588)2117039-3  |0 (DE-627)101515707  |0 (DE-576)193781247  |4 aut 
245 1 0 |a Sicherheit im privaten Umfeld  |c Presse- und Informationsamt der Bundesregierung, Berlin 
264 1 |a Köln  |b GESIS  |c 2017 
336 |a Text  |b txt  |2 rdacontent 
336 |a Computerdaten  |b cod  |2 rdacontent 
337 |a Computermedien  |b c  |2 rdamedia 
338 |a Online-Ressource  |b cr  |2 rdacarrier 
500 |a Gesehen am 21.11.2025 
500 |a Datenfile Version 1.0.0 
650 4 |a Kriminalität und Gesetzesvollzug 
650 4 |a Gesetzgebung und Rechtssysteme 
655 7 |a Forschungsdaten  |0 (DE-588)1098579690  |0 (DE-627)857755366  |0 (DE-576)469182156  |2 gnd-content 
856 4 0 |u https://doi.org/10.4232/1.12857  |x Resolving-System  |7 1 
951 |a BO 
ELC |a 1 
LOK |0 000 xxxxxcx a22 zn 4500 
LOK |0 001 4810136264 
LOK |0 003 DE-627 
LOK |0 004 1942029845 
LOK |0 005 20251121142559 
LOK |0 008 251121||||||||||||||||ger||||||| 
LOK |0 040   |a DE-2619  |c DE-627  |d DE-2619 
LOK |0 092   |o n 
LOK |0 852   |a DE-2619 
LOK |0 852 1  |9 00 
LOK |0 935   |a foda 
LOK |0 939   |a 21-11-25  |b l01 
ORI |a SA-MARC-krimdoka001.raw